000 00688cam a22002295a 4500
001 L159654
008 150226s2017 xxk f 000 0 eng d
035 _a(Sirsi) u159654
041 0 _aeng
100 1 _aCox, Hugo
245 0 0 _aBeneath the deep deep sea
260 _c2017
490 _aModus
_vDecember 2017 January 2018, 14-17 (4)
520 _aThe uncharted territories of the seabed are rich in valuable minerals. But does the effort required to get at them outwigh the benefits of mining?
590 _aKA
650 2 4 _aDEEP SEABED MINING
650 2 4 _aMINING
650 2 4 _aRARE EARTH ELEMENTS
651 4 _aInternational
690 _aEnvironment
_96238
942 _n0
999 _c84893
_d84893